Normal view MARC view
  • Robledo, Honorio,

Entry Nombre Personal

Number of records used in: 4

001 - NUMERO DE CONTROL

  • campo de control: 37860

003 - IDENTIFICADOR DE NUMERO DE CONTROL

  • campo de control: UPN

005 - FECHA Y HORA DE LA ÜLTIMA TRANSACCIÓN

  • campo de control: 20230529110314.0

008 - DATOS DE LONGITUD FIJA

  • campo de control de longitud fija: nabaccnnaabn|||||||||| b |nc|||||d

010 ## - NÚMERO DE CONTROL DE LA BIBLIOTECA DEL CONGRESO

  • Número de control LC: n 87938628

035 ## - NUMERO DE CONTROL

  • Número de control: (DLC)n 87938628

040 ## - FUENTE DE CATALOGACIÓN

  • Lenguaje de catalogación: SPA
  • Agencia de transcripción: DLC
  • Agencia original de catalogación: DLC
  • Agencia que lo modifica: DLC
  • Agencia que lo modifica: Mx-MxUPN

046 ## - FECHAS CON CODIFICACIÓN ESPECIAL

  • Fecha de nacimiento: 1954-03-03

100 1# - ENCABEZAMIENTO - NOMBRE PERSONAL

  • Nombre personal: Robledo, Honorio,
  • Fechas asociadas con el nombre: 1954-

370 ## - LUGAR ASOCIADO

  • Associated country: México

374 ## - OCUPACIÓN

  • Occupation: Escritor
  • Occupation: Ilustrador
  • Occupation: Pintor

670 ## - FUENTE EN LA QUE SE LOCALIZARON DATOS

  • Cita de la fuente: T
  • Información localizada: https://loquepasaenmicabeza.wordpress.com/2007/01/26/biografia-de-honori-robledo/

670 ## - FUENTE EN LA QUE SE LOCALIZARON DATOS

  • Cita de la fuente: En su obra: Aguatinta, 1985:
  • Información localizada: portada (Honorio Robledo) página 3 (Mexican designer and writer)

670 ## - FUENTE EN LA QUE SE LOCALIZARON DATOS

  • Cita de la fuente: El Cucuy! 2001:
  • Información localizada: CIP portada (Honorio Robledo) hoja de datos (n. Mar. 3, 1954) cubierta (grew up in small village in southwest Mexico; artist and comic strip illustrator in Los Angeles)

680 ## - NOTA PUBLICA DE ACCESO PÚBLICO

  • Encabezamiento o subdivisión: Tenancingo, Estado de México. Ilustrador, escritor, pintor y jaranero. Pasó la infancia en pequeños pueblos de Veracruz, Chiapas y las montañas matlazincas. Estudió literatura en la UNAM y se dedicó a viajar por todo el mundo, aprendiendo oficios e idiomas.

902 ## - CATALOGADOR

  • Catalogador: EMR/281015

902 ## - CATALOGADOR

  • Catalogador: NDAF/290523